[Event "9th Amplico Life Rapid"]
[Site "Warsaw POL"]
[Date "2009.12.19"]
[Round "1"]
[White "Musialkiewicz,P"]
[Black "Gashimov,V"]
[Result "0-1"]
[WhiteElo "1893"]
[BlackElo "2758"]
[EventDate "2009.12.19"]

1. d4 Nf6 2. c4 e6 3. Nc3 c5 4. d5 exd5 5. cxd5 Bd6 6. e4 O-O 7. Bd3 Re8 8.
Nf3 Bc7 9. O-O d6 10. h3 a6 11. a4 Nbd7 12. Bg5 Rb8 13. Re1 h6 14. Bh4 Qe7
15. Nd2 Ne5 16. Bf1 g5 17. Bg3 Qf8 18. Nc4 Nxc4 19. Bxc4 Nd7 20. h4 Ne5 21.
Bf1 Qg7 22. hxg5 hxg5 23. Bxe5 Rxe5 24. Re3 g4 25. Rg3 Rh5 26. f3 Qh6 27.
fxg4 Rh1+ 28. Kf2 c4 29. a5 Bd8 30. Rh3 Bh4+ 31. g3 Rxh3 32. Bxh3 Qf4+ 33.
Qf3 Bxg3+ 34. Kg2 Qxf3+ 35. Kxf3 Be5 36. Ra4 b5 37. axb6 Rxb6 38. Rxc4 Bd7
39. Na4 Rb3+ 40. Nc3 Rxb2 41. Rc7 Rb3 42. Bf1 Rxc3+ 43. Rxc3 Bxc3 44. Bxa6
Kg7 45. Bb7 Kf6 46. Ba6 Ke5 0-1

[Event "9th Amplico Life Rapid"]
[Site "Warsaw POL"]
[Date "2009.12.19"]
[Round "1"]
[White "Tomaszewska,L"]
[Black "Shirov,A"]
[Result "1/2-1/2"]
[WhiteElo "1887"]
[BlackElo "2719"]
[EventDate "2009.12.19"]

1. e4 c5 2. Nf3 d6 3. d4 cxd4 4. Nxd4 Nf6 5. Nc3 a6 6. Bc4 e6 7. Bb3 b5 8.
O-O Bb7 9. f3 Be7 10. Be3 O-O 11. Qe1 Nbd7 12. Rd1 Re8 13. Nde2 b4 14. Nb1
d5 15. Nd2 a5 16. c3 a4 17. Bc2 a3 18. bxa3 Rxa3 19. Bb3 bxc3 20. Nxc3 Bb4
21. Na4 dxe4 22. Qe2 Qa8 23. Nb6 Nxb6 24. Bxb6 Nd5 25. Bd4 e5 26. Bb2 Bc5+
27. Kh1 Nf4 28. Qb5 Ra5 29. Qc4 Bd5 30. Qc2 exf3 31. Nxf3 Bxb3 32. axb3 Be3
33. Rfe1 Rc5 34. Qb1 e4 35. Rxe3 exf3 36. Rxe8+ Qxe8 37. gxf3 h6 38. Qe4
Qxe4 39. fxe4 Rb5 40. Rg1 Ne6 41. Rg3 Rb4 42. e5 Re4 43. Bc3 Kf8 44. b4 Ke8
45. Rd3 Nf4 46. Rd4 Rxd4 47. Bxd4 Kd7 48. b5 Ne6 49. Be3 Nc7 50. b6 Nd5 51.
Bd4 g6 52. h4 h5 53. Kg2 Kc6 54. Kf3 Nxb6 55. Bxb6 Kxb6 56. Kf4 Kc6 57. Kg5
Kd7 58. Kf6 Ke8 59. e6 fxe6 60. Kxg6 1/2-1/2

[Event "9th Amplico Life Rapid"]
[Site "Warsaw POL"]
[Date "2009.12.19"]
[Round "1"]
[White "Tiviakov,S"]
[Black "Kadziela,K"]
[Result "1-0"]
[WhiteElo "2664"]
[BlackElo "1883"]
[EventDate "2009.12.19"]

1. e4 e6 2. d4 d5 3. Nd2 dxe4 4. Nxe4 Nf6 5. Nxf6+ Qxf6 6. Nf3 h6 7. Bd3
Nd7 8. O-O Bd6 9. Qe2 b6 10. Be4 Rb8 11. b3 O-O 12. Bb2 Qf4 13. c4 Bb7 14.
Bxb7 Rxb7 15. Rfe1 Rbb8 16. Rad1 Rfe8 17. g3 Qg4 18. Kg2 Rbd8 19. Qc2 Qf5
20. Qxf5 exf5 21. d5 Bb4 22. Rxe8+ Rxe8 23. Nd4 g6 24. Kf1 Bd6 25. Nc6 a6
26. b4 Kf8 27. Bd4 Ne5 28. Bxe5 Bxe5 29. c5 Bf6 30. d6 cxd6 31. cxb6 Bd8
32. b7 Bc7 33. Re1 Rxe1+ 34. Kxe1 Ke8 35. b8=Q+ Bxb8 36. Nxb8 Kd8 37. Nxa6
1-0

[Event "9th Amplico Life Rapid"]
[Site "Warsaw POL"]
[Date "2009.12.19"]
[Round "1"]
[White "Miziula,P"]
[Black "Fridman,D2"]
[Result "0-1"]
[WhiteElo "1881"]
[BlackElo "2649"]
[EventDate "2009.12.19"]

1. d4 d5 2. c4 e6 3. Nc3 c6 4. cxd5 exd5 5. Nf3 Nf6 6. Bg5 h6 7. Bh4 Bf5 8.
e3 Qb6 9. Qb3 Nbd7 10. Be2 Be7 11. O-O O-O 12. Rac1 Rfe8 13. Rfd1 Bf8 14.
Qxb6 axb6 15. a3 b5 16. Ne1 g5 17. Bg3 Nb6 18. Nb1 Na4 0-1

[Event "9th Amplico Life Rapid"]
[Site "Warsaw POL"]
[Date "2009.12.19"]
[Round "1"]
[White "Socko,B"]
[Black "Wrobel,M"]
[Result "1-0"]
[WhiteElo "2643"]
[BlackElo "1879"]
[EventDate "2009.12.19"]

1. e4 e5 2. Nf3 Nc6 3. Bb5 a6 4. Bxc6 dxc6 5. O-O Bg4 6. h3 h5 7. d3 Qf6 8.
Be3 Bd6 9. Nbd2 Ne7 10. Re1 Bxf3 11. Nxf3 O-O-O 12. Qd2 Qg6 13. b4 f5 14.
Bg5 fxe4 15. Rxe4 Rdf8 16. Nxe5 Bxe5 17. Rxe5 Nd5 18. Rae1 Re8 19. c4 Nb6
20. h4 Rxe5 21. Rxe5 Re8 22. Qe3 1-0

[Event "9th Amplico Life Rapid"]
[Site "Warsaw POL"]
[Date "2009.12.19"]
[Round "1"]
[White "Stypka,Z"]
[Black "Azarov,S"]
[Result "0-1"]
[WhiteElo "1863"]
[BlackElo "2622"]
[EventDate "2009.12.19"]

1. e4 c5 2. Nf3 d6 3. d4 cxd4 4. Nxd4 Nf6 5. Nc3 g6 6. Be3 Bg7 7. f3 O-O 8.
Qd2 Nc6 9. g4 Be6 10. Nxe6 fxe6 11. Bc4 d5 12. exd5 Ne5 13. Be2 Nxd5 14.
Nxd5 exd5 15. O-O e6 16. Bc5 Rf7 17. c3 Nc6 18. f4 Qd7 19. Rad1 b6 20. Be3
Raf8 21. Kg2 Qb7 22. Kg1 Qc7 23. Rf2 g5 24. fxg5 Rxf2 25. Bxf2 Be5 26. h3
Bh2+ 27. Kg2 Rxf2+ 28. Kxf2 Qg3+ 29. Kf1 Qg1+ 0-1

[Event "9th Amplico Life Rapid"]
[Site "Warsaw POL"]
[Date "2009.12.19"]
[Round "1"]
[White "Markowski,T"]
[Black "Hagner,P"]
[Result "1-0"]
[WhiteElo "2629"]
[BlackElo "1872"]
[EventDate "2009.12.19"]

1. c4 Nf6 2. Nf3 g6 3. b4 Bg7 4. Bb2 O-O 5. e3 d6 6. d3 c5 7. a3 a6 8. Be2
Nc6 9. Qb3 Bd7 10. O-O Qb6 11. Bc3 Nh5 12. Bxg7 Nxg7 13. Nc3 cxb4 14. Nd5
Qd8 15. axb4 e6 16. Nc3 Rc8 17. d4 Ne7 18. Rfc1 Nh5 19. Nd2 Nf6 20. Bf3 Bc6
21. e4 d5 22. cxd5 exd5 23. e5 Ne4 24. Ndxe4 dxe4 25. Bg4 Rc7 26. Rd1 Bd5
27. Qb2 Rc4 28. b5 Qb6 29. Qa3 Re8 30. Bd7 Rf8 31. Rac1 Qc7 32. Bg4 Be6 33.
Be2 Rc8 34. Bxc4 Bxc4 35. bxa6 bxa6 36. Nxe4 Qa7 37. Nd6 1-0

[Event "9th Amplico Life Rapid"]
[Site "Warsaw POL"]
[Date "2009.12.19"]
[Round "1"]
[White "Aleksandrov,A"]
[Black "Ogonowska,K"]
[Result "0-1"]
[WhiteElo "2617"]
[BlackElo "1854"]
[EventDate "2009.12.19"]

1. d4 d5 2. c4 dxc4 3. Nf3 Nf6 4. e3 e6 5. Bxc4 Nbd7 6. O-O c5 7. Qe2 Be7
8. Rd1 O-O 9. e4 cxd4 10. e5 Nd5 11. Rxd4 Bc5 12. Rd1 N7b6 13. Bd3 h6 14.
Nc3 Bd7 15. Qe4 f5 16. exf6 Nxf6 17. Qg6 Qe8 18. Qg3 Nh5 19. Qe5 Rc8 20.
Ne4 Rf5 21. Qc3 Bxf2+ 22. Nxf2 Rxc3 23. bxc3 Rf8 24. Ne5 Nf4 25. Bxf4 Rxf4
26. Rd2 Bb5 27. Bg6 Qe7 28. Rad1 Rf8 29. Be4 Be8 30. Bxb7 Qxb7 31. c4 Qc7
32. Nf3 Qxc4 33. Re1 Bh5 34. Nd4 Qc3 35. Nb3 Nc4 36. Ne4 Qb4 37. h3 Nxd2
38. Nexd2 Qb6+ 39. Kh1 a5 40. Re4 Bg6 41. Ra4 Bc2 42. Rc4 Bxb3 43. axb3 Qe3
0-1

[Event "9th Amplico Life Rapid"]
[Site "Warsaw POL"]
[Date "2009.12.19"]
[Round "1"]
[White "Flazinska,A"]
[Black "Macieja,B"]
[Result "0-1"]
[WhiteElo "1871"]
[BlackElo "2627"]
[EventDate "2009.12.19"]

1. e4 c5 2. Nf3 Nc6 3. d4 cxd4 4. Nxd4 Qc7 5. Nc3 e6 6. Be2 a6 7. O-O Nf6
8. Kh1 Nxd4 9. Qxd4 Bc5 10. Qd3 b5 11. Be3 Bb7 12. a3 O-O 13. Rad1 Rac8 14.
f4 Bxa3 15. Nxb5 axb5 16. Qxa3 Bxe4 17. c3 Nd5 18. Qa7 Qc6 19. Bf3 Bxf3 20.
Rxf3 Ra8 21. Qd4 Nxe3 22. Rxe3 Ra2 23. Re2 Qc4 24. Qe3 Qb3 25. Rxd7 Ra1+
26. Re1 Qxb2 27. h3 Rxe1+ 28. Qxe1 h6 29. Qe5 Rc8 30. Rc7 Rd8 31. Qe4 Qb3
32. Qb7 Qb1+ 33. Kh2 Qf5 34. Qf3 Rd3 35. Qf2 g5 36. g3 Qd5 37. Rc8+ Kg7 38.
Rc5 Rd2 39. Rxd5 Rxf2+ 40. Kg1 Rf3 41. Kg2 Rxg3+ 42. Kxg3 exd5 43. fxg5
hxg5 44. Kf3 Kf6 45. Ke3 Ke5 0-1

[Event "9th Amplico Life Rapid"]
[Site "Warsaw POL"]
[Date "2009.12.19"]
[Round "1"]
[White "Sliwicki,D"]
[Black "Kempinski,R"]
[Result "0-1"]
[WhiteElo "1856"]
[BlackElo "2617"]
[EventDate "2009.12.19"]

1. e4 c5 2. Nf3 d6 3. d4 cxd4 4. Nxd4 Nf6 5. f3 e6 6. c4 Be7 7. Nc3 O-O 8.
Be3 Nbd7 9. Be2 d5 10. exd5 exd5 11. O-O dxc4 12. Bxc4 Bc5 13. a3 Nb6 14.
Ba2 Nbd5 15. Nxd5 Nxd5 16. Bf2 Nf4 17. Kh1 Qg5 18. Bg3 Nh5 19. Ne2 Bf5 20.
Qd5 b6 21. Bb1 g6 22. Bxf5 Rad8 23. Qe4 gxf5 24. Qh4 Qxh4 25. Bxh4 Rd2 26.
Nc3 Rxb2 27. Na4 Rc2 28. Nxc5 bxc5 29. Rac1 Rxc1 30. Rxc1 Rc8 31. Rc4 Ng7
32. Bf2 Ne6 33. Kg1 Rc6 34. Kf1 Kf8 35. Ke2 f4 36. Kd3 Ke7 37. Ke4 Kd6 38.
Kf5 Kd5 39. Re4 c4 40. Re5+ Kd6 41. Ke4 c3 42. Rd5+ Ke7 43. Rd1 Ra6 44. Rc1
Rxa3 45. Rc2 Kd6 46. Kd3 Kd5 47. Rxc3 Nc5+ 48. Kd2 Ra2+ 49. Ke1 Ne6 50. Rc1
a5 51. Rd1+ Ke5 52. Kf1 a4 53. Be1 Rc2 54. Ra1 Rc4 55. g3 Kd5 56. Ra3 Nc5
57. gxf4 Rxf4 58. Ke2 Rc4 59. Ke3 f5 60. Kf2 f4 61. Kg2 Nb3 62. Kh3 Kc5 63.
Kg4 Kb5 64. Kh5 Rc1 65. Bh4 Rc7 66. Kg4 Kb4 67. Ra2 a3 68. Be1+ Ka4 69.
Kxf4 Nc1 70. Ra1 Nd3+ 71. Ke3 Nxe1 72. Ke2 Nc2 73. Rb1 a2 74. Rb8 0-1

[Event "9th Amplico Life Rapid"]
[Site "Warsaw POL"]
[Date "2009.12.19"]
[Round "1"]
[White "Bartel,Mat"]
[Black "Strojek,K"]
[Result "1-0"]
[WhiteElo "2618"]
[BlackElo "1862"]
[EventDate "2009.12.19"]

1. d4 e6 2. e4 d5 3. Nc3 Nf6 4. Bg5 Bb4 5. e5 h6 6. Be3 Ne4 7. Nge2 a6 8.
a3 Nxc3 9. Nxc3 Be7 10. Qg4 g6 11. h4 h5 12. Qg3 Nd7 13. Bd3 c5 14. Bxg6
cxd4 15. Bxd4 Rg8 16. Bxf7+ Kxf7 17. Qf3+ Kg7 18. Qxh5 Qe8 19. Qe2 Bc5 20.
O-O-O Kf7 21. Qf3+ Ke7 22. Bxc5+ Nxc5 23. Nxd5+ exd5 24. Qf6+ 1-0

[Event "9th Amplico Life Rapid"]
[Site "Warsaw POL"]
[Date "2009.12.19"]
[Round "1"]
[White "Zhigalko,A"]
[Black "Starczewska,D"]
[Result "1-0"]
[WhiteElo "2600"]
[BlackElo "1849"]
[EventDate "2009.12.19"]

1. e4 c5 2. Nf3 Nc6 3. d4 cxd4 4. Nxd4 Nf6 5. Nc3 e5 6. Ndb5 d6 7. a4 Bg4
8. f3 Be6 9. Nd5 Bxd5 10. exd5 Nb8 11. a5 Nbd7 12. a6 bxa6 13. Rxa6 Nb6 14.
Nxa7 Qb8 15. Bb5+ Nfd7 16. Nc6 Qb7 17. Rxa8+ Qxa8 18. Be3 Qb7 19. O-O Be7
20. Qd3 Bf6 21. Ra1 O-O 22. Ra7 Qc8 23. b4 Kh8 24. c4 Kg8 25. c5 dxc5 26.
bxc5 Na8 27. d6 1-0

[Event "9th Amplico Life Rapid"]
[Site "Warsaw POL"]
[Date "2009.12.19"]
[Round "1"]
[White "Yemelin,V"]
[Black "Bernacki,G"]
[Result "1-0"]
[WhiteElo "2584"]
[BlackElo "1840"]
[EventDate "2009.12.19"]

1. e4 c6 2. d4 d5 3. exd5 cxd5 4. c4 Nf6 5. Nc3 e6 6. Nf3 Bb4 7. cxd5 Nxd5
8. Qc2 Nc6 9. Bd3 h6 10. O-O O-O 11. Rd1 Be7 12. Qe2 Qa5 13. Bd2 Bd7 14.
Bc4 1-0

[Event "9th Amplico Life Rapid"]
[Site "Warsaw POL"]
[Date "2009.12.19"]
[Round "1"]
[White "Zochowski,K"]
[Black "Rozentalis,E"]
[Result "0-1"]
[WhiteElo "1850"]
[BlackElo "2611"]
[EventDate "2009.12.19"]

1. e4 Nf6 2. e5 Nd5 3. c4 Nb6 4. d4 d6 5. exd6 cxd6 6. Nc3 g6 7. Be3 Bg7 8.
Rc1 O-O 9. h3 d5 10. cxd5 Nxd5 11. Bc4 Nxe3 12. fxe3 e5 13. d5 Qh4+ 14. g3
Qxc4 15. Nge2 Na6 16. b3 Qc5 17. Qd2 Bd7 18. e4 Rac8 0-1

[Event "9th Amplico Life Rapid"]
[Site "Warsaw POL"]
[Date "2009.12.19"]
[Round "1"]
[White "Mista,A"]
[Black "Kaska,W"]
[Result "1-0"]
[WhiteElo "2563"]
[BlackElo "1829"]
[EventDate "2009.12.19"]

1. e4 c5 2. Nf3 e6 3. d4 cxd4 4. Nxd4 a6 5. Bd3 Nc6 6. Nxc6 bxc6 7. O-O Qc7
8. c4 Nf6 9. Nc3 Bb7 10. Be3 d5 11. cxd5 cxd5 12. Rc1 Qd6 13. exd5 Nxd5 14.
Nxd5 Qxd5 15. Qa4+ Qd7 16. Qxd7+ Kxd7 17. Rfd1 Bd6 18. Bc5 Bd5 19. Be4 Rac8
20. Rxd5 exd5 21. Bf5+ Kc6 22. Bxd6+ 1-0

[Event "9th Amplico Life Rapid"]
[Site "Warsaw POL"]
[Date "2009.12.19"]
[Round "1"]
[White "Witkowski,K"]
[Black "Zubov,A UKR"]
[Result "0-1"]
[WhiteElo "1838"]
[BlackElo "2581"]
[EventDate "2009.12.19"]

1. e4 d6 2. d4 Nf6 3. f3 Nc6 4. d5 Ne5 5. c4 c6 6. Nc3 Qb6 7. Qb3 Qa5 8.
Be3 g6 9. Qa4 Qxa4 10. Nxa4 Bg7 11. Nc3 O-O 12. Be2 b5 13. cxb5 cxd5 14.
exd5 Bb7 15. Rd1 Rfc8 16. Nh3 Nc4 17. Bc1 Nd7 18. O-O Nxb2 19. Bxb2 Bxc3
20. Bxc3 Rxc3 21. Rd2 Nb6 22. Nf4 g5 23. Nh3 h6 24. f4 f6 25. fxg5 hxg5 26.
Bf3 Nc4 27. Re2 Ne5 28. Be4 Rc5 29. Rd1 Rxb5 30. Nf2 Kg7 31. Rc2 Rc8 32.
Rxc8 Bxc8 33. h3 Rb2 34. a4 Bd7 35. Ra1 a5 36. Nd3 Rd2 37. Nxe5 fxe5 38.
Bf3 Rd4 39. Kf2 Rxa4 40. Rc1 Kf6 41. Rc7 Bf5 42. Ra7 Ra3 43. g4 e4 44. Be2
Bg6 45. Ra8 e3+ 46. Kf3 Ke5 47. Ra7 Be4+ 48. Kg3 Kf6 49. Bc4 Ra1 50. Ra8
Rg1+ 51. Kh2 Rg2+ 0-1

[Event "9th Amplico Life Rapid"]
[Site "Warsaw POL"]
[Date "2009.12.19"]
[Round "1"]
[White "Vicas,M"]
[Black "Dziuba,M"]
[Result "0-1"]
[WhiteElo "1838"]
[BlackElo "2573"]
[EventDate "2009.12.19"]

1. e4 c5 2. Nf3 d6 3. d3 Nc6 4. g3 g6 5. Bg2 Bg7 6. O-O e5 7. c3 Nge7 8.
Be3 O-O 9. d4 exd4 10. cxd4 Bg4 11. Qd2 Bxf3 12. Bxf3 Nxd4 13. Bg2 Rb8 14.
Nc3 b5 15. Bg5 Qd7 16. h4 b4 17. Nd1 f5 18. Bf4 fxe4 19. Bxe4 Rbe8 20. Ne3
Kh8 21. h5 gxh5 22. Qd1 Ng6 23. Bd3 Nxf4 24. gxf4 Qh3 0-1

[Event "9th Amplico Life Rapid"]
[Site "Warsaw POL"]
[Date "2009.12.19"]
[Round "1"]
[White "Vysochin,S"]
[Black "Wojcicki,L"]
[Result "1-0"]
[WhiteElo "2555"]
[BlackElo "1828"]
[EventDate "2009.12.19"]

1. e4 e5 2. Nf3 Nf6 3. Nxe5 d6 4. Nf3 Nxe4 5. Bd3 Nf6 6. h3 Be7 7. c3 Be6
8. Bc2 Nbd7 9. d4 h6 10. O-O O-O 11. Re1 d5 12. Bf4 Nh5 13. Bh2 Nhf6 14.
Nbd2 Nb6 15. Ne5 Bd6 16. Ndf3 Re8 17. b3 Rc8 18. a4 a5 19. Qd2 c5 20. dxc5
Bxc5 21. Nd4 Nbd7 22. Qd3 Nxe5 23. Bxe5 Bxd4 24. Qxd4 Nh5 25. Qd3 g6 26.
Qf3 Qg5 27. g4 Bxg4 28. Qxg4 1-0

[Event "9th Amplico Life Rapid"]
[Site "Warsaw POL"]
[Date "2009.12.19"]
[Round "1"]
[White "Zherebukh,Y"]
[Black "Gorol,M"]
[Result "1-0"]
[WhiteElo "2527"]
[BlackElo "1817"]
[EventDate "2009.12.19"]

1. e4 d5 2. exd5 Qxd5 3. Nc3 Qa5 4. d4 Bf5 5. Qf3 c6 6. d5 Bd7 7. Bd2 Nf6
8. Bc4 Na6 9. Nge2 Nb4 10. Bb3 e6 11. a3 cxd5 12. Na2 Nxc2+ 13. Bxc2 Qb6
14. Bc3 Be7 15. O-O O-O 16. Bd4 Qc7 17. Rac1 Bc6 18. Ba4 Rac8 19. Nb4 Bxb4
20. axb4 Qd8 21. Bxc6 bxc6 22. Bxf6 Qxf6 23. Qxf6 gxf6 24. Nd4 Rc7 25. Rxc6
Rb7 26. Nc2 Kg7 27. f4 Rd8 28. Rd1 e5 29. Rc5 Rbd7 30. Ne3 d4 31. Nf5+ Kf8
32. fxe5 fxe5 33. Rxe5 Rb7 34. Rxd4 Rxd4 35. Nxd4 Rxb4 36. Nc6 1-0

[Event "9th Amplico Life Rapid"]
[Site "Warsaw POL"]
[Date "2009.12.19"]
[Round "1"]
[White "Kravtsiv,M"]
[Black "Suliborski,J"]
[Result "1-0"]
[WhiteElo "2543"]
[BlackElo "1822"]
[EventDate "2009.12.19"]

1. e4 e6 2. d4 d5 3. Nc3 Bb4 4. e5 c5 5. a3 Bxc3+ 6. bxc3 Qc7 7. Nf3 Nc6 8.
Be2 Nge7 9. O-O O-O 10. a4 cxd4 11. cxd4 Bd7 12. Ba3 f6 13. Bd6 Qa5 14. Rb1
b6 15. Bb5 Rae8 16. c3 fxe5 17. Bb4 Nxb4 18. cxb4 Bxb5 19. bxa5 Bxf1 20.
Qxf1 e4 21. Ne1 bxa5 22. Qa6 Nf5 23. Nc2 e5 24. dxe5 Rxe5 25. Qxa7 Rc8 26.
Rb8 Ree8 27. Rxc8 Rxc8 28. Qd7 Rxc2 29. Qe8+ 1-0

[Event "9th Amplico Life Rapid"]
[Site "Warsaw POL"]
[Date "2009.12.19"]
[Round "1"]
[White "Heberla,B"]
[Black "Gedminas,T"]
[Result "1-0"]
[WhiteElo "2515"]
[BlackElo "1812"]
[EventDate "2009.12.19"]

1. e4 Nf6 2. Nc3 d5 3. e5 d4 4. Nce2 Nfd7 5. e6 fxe6 6. Nxd4 Nf6 7. Ndf3
Nc6 8. Bb5 Bd7 9. d4 a6 10. Bd3 Nb4 11. Ne5 Nxd3+ 12. Qxd3 Qc8 13. Ngf3 c5
14. O-O Nd5 15. Ng5 cxd4 16. Nxh7 Rxh7 17. Qxh7 Nf6 18. Qg6+ Kd8 19. Bf4
Be8 20. Qd3 Qc5 21. Rfd1 Nd5 22. Qxd4 Qxd4 23. Rxd4 Kc8 24. c4 Nb4 25. Rad1
Nc6 26. Nxc6 bxc6 27. Rd8+ Kb7 28. Rxa8 Kxa8 29. Rd8+ 1-0

[Event "9th Amplico Life Rapid"]
[Site "Warsaw POL"]
[Date "2009.12.19"]
[Round "2"]
[White "Kurnosov,I"]
[Black "Olejarczyk,B"]
[Result "1-0"]
[WhiteElo "2666"]
[BlackElo "2178"]
[EventDate "2009.12.19"]

1. e4 c5 2. Nf3 d6 3. d4 cxd4 4. Nxd4 Nf6 5. Nc3 a6 6. Bg5 e6 7. f4 Nbd7 8.
Qe2 Qc7 9. g4 b5 10. Bxf6 gxf6 11. O-O-O Bb7 12. Bg2 O-O-O 13. a3 Nb6 14.
f5 e5 15. Nb3 Kb8 16. Kb1 Bh6 17. Rd3 Rc8 18. Rhd1 Rhd8 19. Rh3 Bf4 20.
Rxh7 Nc4 21. Rd3 Rd7 22. Qf2 Bc6 23. Rhh3 a5 24. Nd5 Bxd5 25. Rxd5 Qc6 26.
Bf1 Rb7 27. Bxc4 bxc4 28. Nxa5 1-0

[Event "9th Amplico Life Rapid"]
[Site "Warsaw POL"]
[Date "2009.12.19"]
[Round "2"]
[White "Przezdziecka,E"]
[Black "Yemelin,V"]
[Result "0-1"]
[WhiteElo "2127"]
[BlackElo "2584"]
[EventDate "2009.12.19"]

1. d4 Nf6 2. Nf3 e6 3. Bg5 h6 4. Bh4 d6 5. Nbd2 g5 6. Bg3 Nh5 7. e3 Qe7 8.
Bd3 Bg7 9. Ng1 Nxg3 10. hxg3 Nd7 11. c3 b6 12. Qf3 d5 13. g4 Bb7 14. Qg3
O-O-O 15. O-O-O e5 16. Bf5 Kb8 17. Ngf3 e4 18. Ne1 Nf6 19. Kb1 Ka8 20. Rc1
c5 21. dxc5 bxc5 22. Nb3 Ne8 23. Na5 Be5 24. Qh3 Nd6 25. g3 Qc7 26. Nxb7
Qxb7 27. Qf1 Nc4 28. Qe2 Rb8 29. b3 Qa6 30. Qd1 Rhd8 31. Ka1 Na5 32. Kb1
Nxb3 33. axb3 Qa3 34. b4 Rxb4+ 0-1

[Event "9th Amplico Life Rapid"]
[Site "Warsaw POL"]
[Date "2009.12.19"]
[Round "2"]
[White "Zubov,A UKR"]
[Black "Koenig,Dir1"]
[Result "1-0"]
[WhiteElo "2581"]
[BlackElo "2125"]
[EventDate "2009.12.19"]

1. d4 d6 2. e4 f5 3. Nc3 Nf6 4. exf5 Bxf5 5. Bd3 Qd7 6. Nge2 Nc6 7. O-O e5
8. d5 Ne7 9. Bxf5 Qxf5 10. f4 O-O-O 11. fxe5 Qxe5 12. Nf4 g5 13. Ne6 Re8
14. Re1 Qf5 15. Qd4 Nexd5 16. Nxd5 Rxe6 17. Rxe6 Qxe6 18. Bxg5 Nd7 19. Ne7+
Bxe7 20. Qxh8+ Bf8 21. Rf1 Qe5 22. Qxe5 dxe5 23. Rf7 h6 24. Be7 1-0

[Event "9th Amplico Life Rapid"]
[Site "Warsaw POL"]
[Date "2009.12.19"]
[Round "2"]
[White "Dziuba,M"]
[Black "Gritsch,C"]
[Result "1-0"]
[WhiteElo "2573"]
[BlackElo "2124"]
[EventDate "2009.12.19"]

1. d4 Nf6 2. c4 e5 3. dxe5 Ng4 4. Bf4 Bb4+ 5. Nd2 d6 6. exd6 Qf6 7. e3 g5
8. Bg3 h5 9. dxc7 Nc6 10. h3 h4 11. hxg4 hxg3 12. Rxh8+ Qxh8 13. fxg3 Qxb2
14. Ngf3 Bxg4 15. Rb1 Qxa2 16. Rxb4 Nxb4 17. Be2 Qa5 18. Qb1 Qa1 19. Qxa1
Nc2+ 20. Kd1 Nxa1 21. Kc1 Rc8 22. Kb2 Rxc7 23. Kxa1 f5 24. Bd3 Re7 25. Nf1
Rd7 26. Bc2 Ke7 27. Kb2 Rc7 28. N1d2 Kf6 29. Nd4 Re7 30. e4 fxe4 31. Nxe4+
Ke5 32. Kc3 Bd1 33. Nf3+ Bxf3 34. gxf3 Rg7 35. Nxg5 Kf6 36. f4 Rc7 37. Ne4+
Kg7 38. g4 b6 39. f5 Rc8 40. g5 Rh8 41. Nd6 Rh3+ 42. Kd4 Rh2 43. f6+ Kf8
44. Bf5 Rd2+ 45. Ke5 a5 46. g6 Re2+ 47. Be4 1-0

[Event "9th Amplico Life Rapid"]
[Site "Warsaw POL"]
[Date "2009.12.19"]
[Round "2"]
[White "Topczewski,D"]
[Black "Mista,A"]
[Result "1/2-1/2"]
[WhiteElo "2123"]
[BlackElo "2563"]
[EventDate "2009.12.19"]

1. e4 g6 2. d4 Bg7 3. Bc4 d6 4. Nf3 Nf6 5. Qe2 Nc6 6. c3 e5 7. dxe5 Nxe5 8.
Nxe5 dxe5 9. O-O O-O 10. Bg5 h6 11. Bh4 b6 12. Na3 Bb7 13. Rad1 Qe8 14. f3
Nh5 15. Bg3 Qe7 16. Bd5 c6 17. Bb3 Nxg3 18. hxg3 h5 19. f4 h4 20. Qg4 hxg3
21. f5 Qc5+ 22. Kh1 Qe3 23. Qh4 Bf6 24. Nc4 g5 25. Qh6 Qe2 26. Rf3 Rad8 27.
Rdf1 Qxe4 28. Rxg3 Rd3 29. Rxg5+ Bxg5 30. Qxg5+ 1/2-1/2

[Event "9th Amplico Life Rapid"]
[Site "Warsaw POL"]
[Date "2009.12.19"]
[Round "2"]
[White "Gajewski,G"]
[Black "Narmontas,R"]
[Result "1-0"]
[WhiteElo "2561"]
[BlackElo "2119"]
[EventDate "2009.12.19"]

1. d4 d6 2. Nf3 Bg4 3. c4 Nd7 4. Qb3 Qc8 5. Nc3 g6 6. h3 Bxf3 7. exf3 Bg7
8. Be3 e5 9. dxe5 Bxe5 10. g3 Ne7 11. Bg2 Nf5 12. f4 Nxe3 13. fxe3 Bxc3+
14. Qxc3 O-O 15. h4 Nc5 16. b4 Na4 17. Qb3 Qg4 18. Kf2 Nb6 19. Bxb7 Rab8
20. Bf3 Qe6 21. c5 dxc5 22. Qxe6 fxe6 23. b5 Na4 24. Bc6 Rb6 25. Rhc1 a6
26. Rab1 Rfb8 27. Rc4 axb5 28. Rxb5 Rxb5 29. Bxb5 Rxb5 30. Rxa4 Rb7 31. Kf3
Kf7 32. Rc4 Rb5 33. a4 Ra5 34. Ke4 h5 35. Ke5 Ke7 36. e4 c6 37. f5 exf5 38.
exf5 gxf5 39. Kxf5 Kd6 40. Kg6 Kd5 41. Rf4 Ra8 42. Kxh5 c4 43. g4 c3 44. g5
c2 45. Rf1 Rxa4 46. Rc1 Rc4 47. g6 Ke6 48. Kg5 Ke7 49. h5 Kf8 50. h6 Kg8
51. Kf5 Rc3 52. Ra1 Rf3+ 53. Kg4 Rf6 54. Ra8+ Rf8 55. h7+ Kg7 56. Rxf8 1-0

[Event "9th Amplico Life Rapid"]
[Site "Warsaw POL"]
[Date "2009.12.19"]
[Round "2"]
[White "Behrendt,C"]
[Black "Vysochin,S"]
[Result "0-1"]
[WhiteElo "2117"]
[BlackElo "2555"]
[EventDate "2009.12.19"]

1. Nf3 d5 2. g3 c6 3. Bg2 Nf6 4. c4 dxc4 5. Na3 Be6 6. Ng5 Bd5 7. e4 h6 8.
exd5 hxg5 9. dxc6 Nxc6 10. Nxc4 e6 11. Qa4 Nd5 12. Ne3 Ndb4 13. O-O Qd7 14.
d4 Be7 15. Rd1 Nd5 16. Nxd5 exd5 17. Qb3 Rd8 18. Be3 O-O 19. Rac1 Na5 20.
Qd3 Rc8 21. b3 Nc6 22. Qb5 Rfd8 23. Bf1 Rc7 24. Qe2 Bf6 25. Qh5 g6 26. Qh6
Qf5 27. Bd3 Qf3 28. Qh3 Re7 29. Qg2 Qxg2+ 30. Kxg2 Bxd4 31. Bxd4 Nxd4 32.
Rc5 Ne6 33. Rb5 b6 34. Kg1 0-1

[Event "9th Amplico Life Rapid"]
[Site "Warsaw POL"]
[Date "2009.12.19"]
[Round "2"]
[White "Vovk,Y"]
[Black "Matviychuk,A"]
[Result "1-0"]
[WhiteElo "2546"]
[BlackElo "2117"]
[EventDate "2009.12.19"]

1. e4 e6 2. d4 d5 3. Nc3 dxe4 4. Nxe4 Nd7 5. Bd3 Ngf6 6. Qe2 Be7 7. Nf3 O-O
8. Bg5 c5 9. dxc5 Nxc5 10. Nxc5 Qa5+ 11. c3 Qxc5 12. O-O-O a5 13. h4 a4 14.
a3 Ra5 15. Bc2 b6 16. Nd4 Ba6 17. Qf3 Rc8 18. Rhe1 Bc4 19. g4 Bd5 20. Qg3
Qc7 21. Bf4 Qc4 22. Be5 Raa8 23. h5 Nd7 24. Bd6 Bxd6 25. Qxd6 Qc7 26. Nb5
1-0

[Event "9th Amplico Life Rapid"]
[Site "Warsaw POL"]
[Date "2009.12.19"]
[Round "2"]
[White "Labedz,P"]
[Black "Kravtsiv,M"]
[Result "0-1"]
[WhiteElo "2155"]
[BlackElo "2543"]
[EventDate "2009.12.19"]

1. d4 Nf6 2. Nf3 e6 3. g3 d5 4. Bg2 Be7 5. O-O O-O 6. c4 dxc4 7. Qc2 a6 8.
Qxc4 b5 9. Qc2 Bb7 10. Bf4 Nc6 11. e3 Nd5 12. Ne5 Nxe5 13. Bxe5 Rc8 14. e4
Nb4 15. Qc3 Nc6 16. a3 f6 17. Bf4 Nxd4 18. Re1 e5 19. Be3 c5 20. Nd2 Qb6
21. Rac1 Rfd8 22. f4 c4 23. Rcd1 b4 24. Qc1 bxa3 25. bxa3 Qc5 26. a4 c3 27.
Nf3 c2 28. Rd2 Qc3 29. Nxd4 exd4 30. Bf2 Ba3 0-1

[Event "9th Amplico Life Rapid"]
[Site "Warsaw POL"]
[Date "2009.12.19"]
[Round "2"]
[White "Neiksans,A"]
[Black "Lis,Mare"]
[Result "1-0"]
[WhiteElo "2487"]
[BlackElo "2094"]
[EventDate "2009.12.19"]

1. e4 c5 2. Nf3 Nc6 3. d4 cxd4 4. Nxd4 d5 5. Bb5 dxe4 6. Nxc6 Qxd1+ 7. Kxd1
a6 8. Ba4 Bd7 9. Nc3 Bxc6 10. Bxc6+ bxc6 11. Nxe4 e5 12. Ke2 f5 13. Nd2 Bd6
14. Nc4 Bc7 15. Rd1 Ke7 16. b3 Ke6 17. Ba3 Nf6 18. Bd6 Rac8 19. Bxc7 Rxc7
20. Rd6+ Ke7 21. Rad1 Nd5 22. R6xd5 cxd5 23. Rxd5 Rd8 24. Rxe5+ Kf6 25. f4
Rd4 26. Ne3 Rxf4 27. Ra5 Re4 28. Kf3 Re5 29. Rxa6+ Kg5 30. c4 Rc8 31. g3 g6
32. Nd5 Re1 33. Ra7 Rf1+ 34. Kg2 Ra1 35. Rxh7 Rxa2+ 36. Kf3 f4 37. g4 1-0